Guess the movie from the characters - Statistics

General Stats
  • This quiz has been taken 30 times
  • The average score is 7 of 16
Answer Stats
Picture Answer % Correct
Barbie
100%
Harry Potter
100%
Aladdin
71%
Planet of the apes
71%
Meangirls
67%
Richie rich
67%
Free guy
63%
Mission impossible
54%
Mulan
42%
Matilda
25%
Miss peregrine’s home for peculiar children
13%
The skull island
13%
Into the woods
8%
Lyle Lyle crocodile
8%
The residence
8%
Senior year
0%
No matching quizzes found
Score Distribution
Percent of People with Each Score
Percentile by Number Answered
Your Score History
You have not taken this quiz